The Military Occupation of Semgallia in the Thirteenth Century

Titel: The Military Occupation of Semgallia in the Thirteenth Century
Verfasser:
In: ˜Theœ North-Eastern frontiers of Medieval Europe, (2014), Seite v;i
alle Artikel anzeigen
Veröffentlicht: 2014
Format: Aufsatz
Sprache: Englisch
Kein Bild verfügbar
X
alg: 39278818
001A    $01999:11-11-16 
001B    $03025:25-03-26 $t14:58:33.000 
001D    $01999:11-11-16 
001U    $0utf8 
001X    $00 
002@    $0Aox 
003@    $0392788187 
007A    $0392788187 $aHEB 
007T    $0Herdc0104837m 
010@    $aeng 
011@    $a2014 
021A    $aThe @Military Occupation of Semgallia in the Thirteenth Century 
028A    $aUrban $dWilliam 
031A    $hv;i $j2014 
039B    $aIn $8--Aau--. The @North-Eastern frontiers of Medieval Europe. - Farnham : Ashgate, 2014. - XLIX, 389 Seiten. - Illustrationen, Diagramme, Karten. - ISBN 978-1-4094-3680-5 $x201400000000000999 $9308263383 
045F    $a900.947930902 $eDDC23BSB 
045F/01 $a900 
045F/03 $f0902 
045F/03 $g4793 
045F/03 $g4796 

lok: 39278818 78

exp: 39278818 78 1 #EPN
201B/01 $019-04-17 $t11:34:25.000 
201U/01 $0utf8 
203@/01 $0788898353 
208@/01 $a11-11-16 $be 
209A/01 $a/ $f000 $x00 
220C/01 $aTitelaufnehmer: kk 
220C/01 $aHerkunft: HI Marburg 
244Z/01 $2Trx $#Latvija $#Lettland $#Łotwa $#Lotyšsko $8--Trx--Latvija $x01 $9391275879 
244Z/01 $2Trx $#Litauen $#Lithuania $#Litwa $#Litva $#Litva $8--Trx--Lietuva $x02 $9391193457 
244Z/01 $2Trx $#Žiemgala $#Zemgale $#Semgallen Landschaft $#Semigallia $#Zemgale $#Semigalia $#Žemgala $8--Trx--Semgallen $x03 $9391304380 
244Z/01 $2Trx $#Mesothen Bauske $8--Trx--Mežotne$gBauska $x04 $9391180576 
244Z/01 $2Trx $#Mitau $#Mitawa $8--Trx--Jelgava $x05 $9391266535 
244Z/01 $aGeschichte 1200-1300 $x06 
244Z/01 $2Trx $#liivlased $#lyviai $#Livonians $#lívek nép $#Liwoni $#Lívovia $#Livonci $#Livs $8--Trx--Liven $x07 $9391370847 
244Z/01 $2Trx $#konfliktid, vägivaldsed $#ginkluoti konfliktai $#violent conflict $#konfliktusok, erőszakos $#konflikty zbrojne i akty przemocy $#konflikty spojené s použitím násilia $#konflikty násilné $#Unruhen $#akty przemocy $#nepokoje $#nepokoje $8--Trx--Konflikte, gewalttätige $x08 $9391365576 
244Z/01 $2Trx $#ordud Saksa Ordu $#ordinas kryžiuočių $#order Teutonic Knights $#rendek Német Lovagrend $#zakony, krzyżacy $#rád, nemeckí rytieri $#řád, němečtí rytíři $#Deutscher Orden $#Ritterorden $#zakon krzyżacki $#zakon niemiecki $#nemeckí rytieri $8--Trx--Orden$gDeutscher Orden $x09 $9391363204 
244Z/01 $2Trx $#ristiusustamine $#christianizacija $#christian missons $#keresztényesítés $#chrystianizacja $#christianizácia $#christianizace $8--Trx--Christianisierung $x10 $9391365525 
244Z/01 $2Trx $8--Trx--Einzelbeiträge $x11 $9391384570 
245Z/01 $a06.02 $x01 
247C/01 $82080>Marburg/Lahn, Herder-Institut, Forschungsbibliothek, Bibliographieportal $9336309341
LEADER 00000caa a22000002c 4500
001 392788187
003 DE-603
005 20260325145833.0
007 tu
008 161111s2014 xx |||| | u00||u|eng c
035 |a (DE-599)HEB392788187 
040 |a DE-603  |b ger  |c DE-603  |d DE-603 
041 |a eng 
082 0 4 |8 1\u  |a 900.947930902  |q DE-101  |2 23/BSB 
085 |8 1\u  |b 900 
085 |8 1\u  |z 1  |s 0902 
085 |8 1\u  |z 2  |s 4793 
085 |8 1\u  |z 2  |s 4796 
100 1 |a Urban, William 
245 0 0 |a ˜Theœ Military Occupation of Semgallia in the Thirteenth Century 
264 0 |c 2014 
773 0 8 |i In  |t ˜Theœ North-Eastern frontiers of Medieval Europe  |d Farnham : Ashgate, 2014  |h XLIX, 389 Seiten, Illustrationen, Diagramme, Karten  |z 9781409436805  |g (2014), Seite v;i  |w (DE-603)308263383 
924 0 |9 2080  |a (DE-603)788898353  |b DE-2080  |c HES  |d d  |g /